| 000 | 00809nam a22002537a 4500 | ||
|---|---|---|---|
| 003 | CHAP | ||
| 005 | 20220329134724.0 | ||
| 008 | 971013s r 00010 d | ||
| 010 | _a24807 | ||
| 011 | _a25779 | ||
| 035 | _a29879 | ||
| 040 | _cCHAP | ||
| 090 | _aFolleto 258 | ||
| 110 |
_aInstituto de Fitotecnia. Castelar _959123 |
||
| 245 | _aComunicaciones presentadas por el Instituto de Fitotecnia en la VI Reunión Latinoamericana de Fitotecnia, Lima, Perú, 1-7 noviembre de 1964 | ||
| 260 |
_aCastelar : _bINTA, _c(s.a.) |
||
| 300 | _apág. varía | ||
| 590 |
_aBATCH-UPD _b10 _c20130110 _lUCH01 _h2021 |
||
| 590 |
_aCONVERSION _b10 _c20130109 _lUCH01 _h1314 |
||
| 650 | 1 | 4 |
_aPlantas _xMejoramiento. _988849 |
| 901 | _aBK | ||
| 942 | _cFOLL | ||
| 949 |
_aFolleto 258 _bBC _cFOLL _d-68969 _eTS1 _i29879 _si |
||
| 999 |
_c24807 _d24807 |
||